| 000 | 00795nam a22001457a 4500 | ||
|---|---|---|---|
| 999 |
_c526587 _d526587 |
||
| 008 | 240612b ||||| |||| 00| 0 eng d | ||
| 100 |
_aRamchandan, Bindu _953503 |
||
| 245 | _aExpressions of ‘concern’ among the Araya women in Kerala: Anthropological insights | ||
| 260 | _aMan In India | ||
| 300 | _a103(4), 2023: p.151-162 | ||
| 520 | _aThis study is about various concerns shared by women among the Arayan, a marine fishing community in Kannur district of Kerala state. Like any other socially and economically downtrodden sections, of India’s population, fishing communities are also characterized by poverty, low educational attainment, and minimum mater a possessions including helping space. – Reproduced | ||
| 773 | _aMan In India | ||
| 906 | _aWOMEN | ||
| 942 | _cAR | ||